| 000 | 00655nam a22002417a 4500 | ||
|---|---|---|---|
| 008 | 130723b xxu||||| |||| 00| 0 eng d | ||
| 020 | _a81 224 0471 5 | ||
| 024 | _cAvailable | ||
| 037 | _cAvailable | ||
| 040 |
_aMBSTU Library _dMBSTU Library |
||
| 082 |
_222 _a531.33 SUW |
||
| 100 | _aSubrahmanyam,N. | ||
| 245 | _aWaves and Oscillations | ||
| 260 |
_aNew Delhi _bVikas publishing House pvt. Ltd. _c1974 |
||
| 300 |
_a22 cm _b433 Page _f05 _g22 cm |
||
| 600 | _2Waves | ||
| 650 | _2Waves | ||
| 700 | _aSubrahmanyam,N. | ||
| 270 |
_aNew Delhi _bNew Delhi _dIndia |
||
| 365 |
_b510 _d510 |
||
| 942 |
_2ddc _cBK |
||
| 999 |
_c599 _d599 |
||